000
00262nam a22001097a 4500
082
_a
005.7565 SIM'U
100
_a
SIMPSON, ALAN
_9
18910
245
_a
UNDERSTANDING DBASE III PLUS
260
_a
NEW DELHI
_b
BPB PUBLICATIONS
_c
1986
300
_a
414P
942
_c
BK
999
_c
570571
_d
570571